000 00818nam a22002297a 4500
999 _c5435
_d5435
003 AR-CdUCM
008 190312b ||||| |||| 00| 0 spa d
020 _a9789972288449
040 _aMUNICIPALIDAD PROVINCIAL DEL CUSCO
_cBIBLIOTECA MUNICIPAL DEL CUSCO
082 _a398.353 /
_bE36
100 _aEláez Ramirez, Jerónimo
_914645
245 _aVisiones, curaciones y arte en el antisuyo /
260 _aLima :
_bJosé Pio Aza,
_c2008.
300 _a151 páginas ;
_c20 cm.
505 _aEl hombre en el escenario tahuantinsuyano -- Shamanismo -- Interpretación de la visiones -- La experiencia de la otra realidad -- Curación, arte...
650 _aCuraciones.
_916364
650 _aChamanismo.
_916365
650 _aAntropología.
_9878
650 _aVisiones.
_92425
942 _2ddc
_cLIBROS
945 _awfj